|
|
|
|
| LEADER |
00000nab a2200000 ar4500 |
| 001 |
vtls009331105 |
| 003 |
SK-MaSNL |
| 005 |
20260303055347.0 |
| 008 |
080908c2008 xo |||||||| 000 b|hun |
| 015 |
|
|
|a SNBRB2008/09
|2 snkbucl
|
| 038 |
|
|
|a SNKBUCL
|
| 040 |
|
|
|a DSZK
|b slo
|c DSZK
|e AACR2
|
| 041 |
0 |
|
|a hun
|
| 044 |
|
|
|a xo
|c SK
|
| 080 |
|
|
|a 821.511.141-93=511.141
|2 1997
|
| 080 |
|
|
|a 821.511.141-1(0.053.2)=511.141
|2 1997
|
| 100 |
1 |
|
|a Szénási, Miklós,
|d 1967-
|4 aut
|9 1050634
|
| 245 |
1 |
0 |
|a Szeptemberi mese
|c Szénási Miklós
|
| 300 |
|
|
|b Obr.
|
| 650 |
0 |
7 |
|a naratívne básne, maďarské
|2 snkbucl
|9 71242
|
| 773 |
0 |
|
|t Remény
|g Évf. XIX, sz. 36 (2008), o. 18
|x 1335-6534
|
| 852 |
|
|
|a SNK
|b KIS3GCP
|
| 852 |
|
|
|a DSZK
|b KIS3GCP
|
| 958 |
|
|
|a HU
|
| 958 |
|
|
|a LX
|
| 958 |
|
|
|a DB
|
| 999 |
|
|
|c 1727021
|d 1728951
|